NBA 2025 Playoffs Starters - Statistics

General Stats
  • This quiz has been taken 3,599 times
    2,468 since last reset
  • The average score is 65 of 80
Answer Stats
Team Player % Correct
Cavaliers Donovan Mitchell
99%
Heat Davion Mitchell
98%
Bucks Giannis Antetokounmpo
98%
Celtics Jaylen Brown
98%
Celtics Jayson Tatum
98%
Knicks Jalen Brunson
97%
Pacers Tyrese Haliburton
97%
Knicks Karl-Anthony Towns
96%
Lakers LeBron James
96%
Thunder Shai Gilgeous-Alexander
96%
Timberwolves Anthony Edwards
95%
Pistons Cade Cunningham
95%
Cavaliers Darius Garland
95%
Knicks Josh Hart
95%
Nuggets Nikola Jokić
95%
Warriors Stephen Curry
95%
Warriors Draymond Green
94%
Cavaliers Evan Mobley
94%
Nuggets Jamal Murray
94%
Grizzlies Ja Morant
94%
Lakers Luka Dončić
94%
Celtics Derrick White
93%
Rockets Jalen Green
93%
Thunder Jalen Williams
93%
Cavaliers Jarrett Allen
93%
Clippers Kawhi Leonard
93%
Magic Paolo Banchero
93%
Thunder Chet Holmgren
92%
Heat Bam Adebayo
91%
Clippers James Harden
91%
Celtics Jrue Holiday
91%
Pacers Pascal Siakam
91%
Lakers Austin Reaves
90%
Pacers Myles Turner
90%
Timberwolves Rudy Gobert
90%
Nuggets Aaron Gordon
88%
Bucks Damian Lillard
88%
Grizzlies Jaren Jackson Jr.
88%
Heat Tyler Herro
88%
Rockets Alperen Şengün
87%
Rockets Amen Thompson
87%
Pistons Ausar Thompson
87%
Bucks Brook Lopez
87%
Magic Franz Wagner
87%
Thunder Isaiah Hartenstein
87%
Warriors Jimmy Butler
87%
Clippers Ivica Zubac
86%
Thunder Luguentz Dort
86%
Pistons Jalen Duren
85%
Nuggets Michael Porter Jr.
85%
Celtics Al Horford
84%
Timberwolves Julius Randle
84%
Knicks Mikal Bridges
84%
Timberwolves Mike Conley
82%
Knicks OG Anunoby
82%
Pacers Andrew Nembhard
78%
Grizzlies Desmond Bane
77%
Rockets Fred VanVleet
77%
Lakers Rui Hachimura
77%
Timberwolves Jaden McDaniels
75%
Nuggets Christian Braun
73%
Pacers Aaron Nesmith
70%
Lakers Jaxson Hayes
70%
Cavaliers Max Strus
70%
Heat Andrew Wiggins
68%
Rockets Dillon Brooks
67%
Grizzlies Zach Edey
66%
Warriors Brandin Podziemski
65%
Pistons Tobias Harris
65%
Magic Wendell Carter Jr.
63%
Bucks Kyle Kuzma
62%
Clippers Norman Powell
59%
Magic Kentavious Caldwell-Pope
57%
Heat Kel'el Ware
53%
Bucks Gary Trent Jr.
44%
Warriors Buddy Hield
42%
Clippers Kris Dunn
42%
Pistons Tim Hardaway Jr.
35%
Grizzlies Scotty Pippen Jr.
19%
Magic Cory Joseph
13%
No matching quizzes found
Score Distribution
Percent of People with Each Score
Percentile by Number Answered
Your Score History
You have not taken this quiz since the last reset